Estatísticas para Eclipse

Clique aqui para jogar o quiz

Estatísticas Gerais

  • Esse quiz foi jogado 6 vezes
  • A pontuação média é 7 de 15

Estatísticas das Respostas

HintResposta% Correto
Quem Victoria pretende matar?Bella
100%
Quem mata Victoria?Edward
100%
Entre quem é que Bella tem de escolher?Edward e Jacob
80%
Quem interpreta o papel de Edward?Robert Pattinson
80%
Quem interpreta o papel de Bella?Kristen Stewart
60%
Qual o lobisomem que faz amizade com Edward?Seth
60%
Quem interpreta o papel de Jacob?Taylor Lautner
60%
Quem aparece a comandar os Volturi?Jane
40%
Em que cidade está a solta um exercito de recém - nascidos?Seattle
40%
Quem é a criadora dos novos vampiros?Victoria
40%
Quem interpreta o papel de Esme?Elizabeth Reaser
20%
Para onde Riley e Victoria vão á procura de Bella?Montanha
20%
Quem interpreta o papel de Alice?Ashley Greene
0%
Quem interpreta o papel de Emmett?Kellan Lutz
0%
Quem interpreta o papel de Carlisle?Peter Facinelli
0%

Distribuição das Pontuações

Percentil de Números Respondidos

Porcentagem de Pessoas com Cada Pontuação

Sua Pontuação Histórica

Você não jogou esse quiz